Status seekers:an exploration of class behaviour America (Record no. 417575)

000 -LEADER
fixed length control field 00367cam a22001217a 4500
008 - FIXED-LENGTH DATA ELEMENTS--GENERAL INFORMATION
fixed length control field 180718b1959 xxu||||| |||| 00| 0 eng d
082 ## - DEWEY DECIMAL CLASSIFICATION NUMBER
Classification number B123x73 P125
100 ## - MAIN ENTRY--PERSONAL NAME
Personal name Packard, Vance
245 ## - TITLE STATEMENT
Title Status seekers:an exploration of class behaviour America
Statement of responsibility, etc. by Vance Packard
260 ## - PUBLICATION, DISTRIBUTION, ETC.
Place of publication, distribution, etc. London
Name of publisher, distributor, etc. Longmans
Date of publication, distribution, etc. 1959
300 ## - PHYSICAL DESCRIPTION
Extent 376p
650 ## - SUBJECT ADDED ENTRY--TOPICAL TERM
Topical term or geographic name entry element Social classes -United States.
Holdings
Withdrawn status Lost status Damaged status Not for loan Permanent Location Current Location Date acquired Full call number Barcode Date last seen Price effective from Koha item type
        Indian Institute of Public Administration Indian Institute of Public Administration 2009-03-26 B123x73 P125 20376 2018-07-21 2018-07-21 Book

Powered by Koha